| 000 | 00366cam a2200121 4500 | ||
|---|---|---|---|
| 082 | 0 | 0 |
_a625.76 _bORG _cD |
| 245 | 1 | 0 |
_aMaintenance of unpaved roads in developing countries _cO.E.C.D. parts |
| 260 |
_aBelgium. _bMr. jaan de lannoy _cc1987. |
||
| 300 |
_ax, 158 p. _billus. _c32 cm. |
||
| 526 |
_a0 _b0 _c0 _d625_760000000000000_ORG |
||
| 650 | 0 |
_aMCE _9379 |
|
| 942 |
_2ddc _cBK |
||
| 999 |
_c547642 _d547642 |
||